|
|
|
|
| LEADER |
00000cam a22000004a 4500 |
| 001 |
musev2_71168 |
| 003 |
MdBmJHUP |
| 005 |
20230905051331.0 |
| 006 |
m o d |
| 007 |
cr||||||||nn|n |
| 008 |
160620s2015 pau o 00 0 eng d |
| 020 |
|
|
|a 9781439913239
|
| 020 |
|
|
|z 9781439913222
|
| 020 |
|
|
|z 9781439913215
|
| 035 |
|
|
|a (OCoLC)923011103
|
| 040 |
|
|
|a MdBmJHUP
|c MdBmJHUP
|
| 100 |
1 |
|
|a Rushdy, Ashraf H. A.,
|d 1961-
|e Verfasser.
|0 (DE-588)172564298
|4 aut
|
| 245 |
0 |
2 |
|a A Guilted Age :
|b Apologies for the Past /
|c Ashraf H.A. Rushdy.
|
| 264 |
|
1 |
|a Philadelphia
|b Temple University Press
|c [2015]
|
| 264 |
|
3 |
|a Baltimore, Md. :
|b Project MUSE,
|c 2020
|
| 264 |
|
4 |
|c ©[2015]
|
| 300 |
|
|
|a 1 online resource (232 pages).
|
| 336 |
|
|
|a text
|b txt
|2 rdacontent
|
| 337 |
|
|
|a computer
|b c
|2 rdamedia
|
| 338 |
|
|
|a online resource
|b cr
|2 rdacarrier
|
| 588 |
|
|
|a Description based on print version record.
|
| 650 |
|
7 |
|a Restorative justice.
|2 fast
|0 (OCoLC)fst01096003
|
| 650 |
|
7 |
|a Reparations for historical injustices.
|2 fast
|0 (OCoLC)fst01732564
|
| 650 |
|
0 |
|a Reparations for historical injustices.
|
| 650 |
|
0 |
|a Restorative justice.
|
| 650 |
|
0 |
|a Apologizing
|x Political aspects.
|
| 650 |
0 |
7 |
|a Ausgleich.
|0 (DE-588)4196978-9
|2 gnd
|
| 650 |
0 |
7 |
|a Reparationen.
|0 (DE-588)4177802-9
|2 gnd
|
| 650 |
0 |
7 |
|a Täter-Opfer-Ausgleich.
|0 (DE-588)4215596-4
|2 gnd
|
| 650 |
0 |
7 |
|a Politik.
|0 (DE-588)4046514-7
|2 gnd
|
| 655 |
|
7 |
|a Electronic books.
|2 local
|
| 710 |
2 |
|
|a Project Muse.
|e distributor
|
| 830 |
|
0 |
|a Book collections on Project MUSE.
|
| 856 |
4 |
0 |
|z Texto completo
|u https://projectmuse.uam.elogim.com/book/71168/
|
| 945 |
|
|
|a Project MUSE - Custom Collection
|
| 945 |
|
|
|a Project MUSE - Archive Complete Supplement VIII
|
| 945 |
|
|
|a Project MUSE - Archive Archaeology and Anthropology Supplement VIII
|